000 00669nam a2200241Ia 4500
005 20260430150102.0
008 008 250103s9999 xx 000 0 eng d
037 _aTheses
040 _aCRL
040 _beng
040 _ceng
041 _2eng
041 _aeng
084 _qCRL
100 _aSingh Shashank Vikram Pratap Au.; Shrotryia V.K. Gu.
_91236412
245 0 _aHuman well-being approach as an alternative to GDP: Evidences from india
260 _c2022
300 _a229p.
650 _aCommerce
700 _aUniversity of Delhi. Faculty of Commerce & Business Studies. Department of Commerce
942 _cTH
999 _c1848910
_d1848910